书目信息 |
| 题名: |
科技人才品格结构
|
|
| 作者: | 李福科 编著 | |
| 分册: | ||
| 出版信息: | 北京 北京工业学院出版社 1987 |
|
| 页数: | 258页 | |
| 开本: | 19cm | |
| 丛书名: | ||
| 单 册: | ||
| 中图分类: | G316 | |
| 科图分类: | ||
| 主题词: | 职业道德-科学工作者 , 科学工作者-职业道德 | |
| 电子资源: | ||
| ISBN: | 7-81013-047-1 | |
| 000 | 00665nam0 2200241 45 | |
| 001 | 0187001910 | |
| 005 | 20060411145603.09 | |
| 010 | @a7-81013-047-1@dCNY1.40 | |
| 100 | @a19900808d1987 em y0chiy0121 ea | |
| 101 | 0 | @achi |
| 102 | @aCN@b110000 | |
| 105 | @ay z 000yy | |
| 200 | 10 | @a科技人才品格结构@Ake ji ren cai pin ge jie gou@f李福科编著 |
| 210 | @a北京@c北京工业学院出版社@d1987 | |
| 215 | @a258页@d19cm | |
| 606 | @a职业道德-科学工作者 | |
| 606 | @a科学工作者-职业道德 | |
| 610 | 0 | @a人才@a品格@a结构 |
| 690 | @aG316@v3 | |
| 701 | 0 | @a李福科@Ali fu ke@4编著 |
| 801 | 2 | @aCN@bNLC@c20060411 |
| 801 | 0 | @aCN@b深圳图书馆@c20040430 |
| 905 | @dG316@e9 | |
| 科技人才品格结构/李福科编著.-北京:北京工业学院出版社,1987 |
| 258页;19cm |
| ISBN 7-81013-047-1:CNY1.40 |
| ● |
| 相关链接 |
|
|
|
|
正题名:科技人才品格结构
索取号:G316/9
 
预约/预借
| 序号 | 登录号 | 条形码 | 馆藏地/架位号 | 状态 | 备注 |
| 1 | 0213413 | 000986197 | 密集书库/ [索取号:G316/9] | 在馆 | |
| 2 | 0213414 | 000986188 | 第一样本阅览室/ [索取号:G316/9] | 在馆 | |
| 3 | 0213415 | 202227367 | 密集书库/ [索取号:G316/9] | 在馆 |